<?xml version="1.0" encoding="UTF-8"?>
<record
    xmlns:xsi="http://www.w3.org/2001/XMLSchema-instance"
    xsi:schemaLocation="http://www.loc.gov/MARC21/slim http://www.loc.gov/standards/marcxml/schema/MARC21slim.xsd"
    xmlns="http://www.loc.gov/MARC21/slim">

  <leader>03194cam a2200373 i 4500</leader>
  <controlfield tag="001">768714001</controlfield>
  <controlfield tag="003">CO-MdFUSB</controlfield>
  <controlfield tag="005">20250808171249.0</controlfield>
  <controlfield tag="007">ta</controlfield>
  <controlfield tag="008">011227t2001    enk      b    001 0 eng  </controlfield>
  <datafield tag="020" ind1=" " ind2=" ">
    <subfield code="a">1841271632</subfield>
  </datafield>
  <datafield tag="040" ind1=" " ind2=" ">
    <subfield code="a">UKM</subfield>
    <subfield code="b">eng</subfield>
    <subfield code="c">CO-MdFUSB</subfield>
    <subfield code="d">KLG</subfield>
    <subfield code="d">OCLCQ</subfield>
    <subfield code="d">IXT</subfield>
    <subfield code="d">OCLCQ</subfield>
    <subfield code="d">BAKER</subfield>
    <subfield code="d">NLGGC</subfield>
    <subfield code="d">YDXCP</subfield>
    <subfield code="d">UBA</subfield>
    <subfield code="d">COO</subfield>
    <subfield code="d">BTA</subfield>
    <subfield code="d">OCLCQ</subfield>
    <subfield code="d">UKMGB</subfield>
    <subfield code="d">Y@Z</subfield>
    <subfield code="d">BDX</subfield>
    <subfield code="d">U2CGB</subfield>
    <subfield code="d">OCLCQ</subfield>
    <subfield code="d">OCLCO</subfield>
    <subfield code="d">OCLCA</subfield>
    <subfield code="d">OCLCF</subfield>
    <subfield code="d">P4I</subfield>
    <subfield code="d">OCLCQ</subfield>
    <subfield code="d">UWO</subfield>
    <subfield code="d">IYU</subfield>
    <subfield code="d">TWS</subfield>
    <subfield code="d">OCLCQ</subfield>
    <subfield code="d">FPD*</subfield>
    <subfield code="e">rda</subfield>
  </datafield>
  <datafield tag="041" ind1=" " ind2=" ">
    <subfield code="a">eng</subfield>
  </datafield>
  <datafield tag="082" ind1=" " ind2=" ">
    <subfield code="2">23</subfield>
    <subfield code="a">224.06</subfield>
    <subfield code="b">P965</subfield>
  </datafield>
  <datafield tag="245" ind1="1" ind2="0">
    <subfield code="a">Prophets and Daniel :</subfield>
    <subfield code="b">a feminist companion to the Bible (Second series) </subfield>
    <subfield code="c">/ editado por Athalya Brenner</subfield>
  </datafield>
  <datafield tag="264" ind1=" " ind2="1">
    <subfield code="a">Inglaterra :</subfield>
    <subfield code="b">Sheffield Academic Press,</subfield>
    <subfield code="c">[2001]</subfield>
  </datafield>
  <datafield tag="264" ind1=" " ind2="4">
    <subfield code="c">&#xA9; 2001</subfield>
  </datafield>
  <datafield tag="300" ind1=" " ind2=" ">
    <subfield code="a">317 p&#xE1;ginas ;</subfield>
    <subfield code="c">24 cm.</subfield>
  </datafield>
  <datafield tag="336" ind1=" " ind2=" ">
    <subfield code="a">texto</subfield>
    <subfield code="b">txt</subfield>
    <subfield code="2">rdacontent.</subfield>
  </datafield>
  <datafield tag="337" ind1=" " ind2=" ">
    <subfield code="a">sin mediaci&#xF3;n</subfield>
    <subfield code="b">n</subfield>
    <subfield code="2">rdamedia.</subfield>
  </datafield>
  <datafield tag="338" ind1=" " ind2=" ">
    <subfield code="a">volumen</subfield>
    <subfield code="b">nc</subfield>
    <subfield code="2">rdacarrier.</subfield>
  </datafield>
  <datafield tag="490" ind1=" " ind2=" ">
    <subfield code="a">A feminist companion to the Bible ;</subfield>
  </datafield>
  <datafield tag="504" ind1=" " ind2=" ">
    <subfield code="a">Incluye referencias bibliogr&#xE1;ficas e indice.</subfield>
  </datafield>
  <datafield tag="505" ind1="0" ind2=" ">
    <subfield code="a">La diosa revisitada: la reina del cielo, &#xBF;Qui&#xE9;n es ella? / Judith M. Hadley. -- &#xBF;Mujeres &#x201C;profetas&#x201D; o &#x201C;profetisas&#x201D;? La profec&#xED;a y la construcci&#xF3;n de la mujer: inscripci&#xF3;n y borrado / Esther Fuchs. --
&#x201C;Las hijas de tu pueblo profetizan&#x201D; / Renate Jost. -- Miriam y la profec&#xED;a en el periodo persa / Rainer Kessler. -- La met&#xE1;fora pornoprof&#xE9;tica del &#x201C;matrimonio&#x201D;: objeciones prof&#xE9;ticas a YHWH como el esposo violento de Israel. Reinterpretaciones de la met&#xE1;fora prof&#xE9;tica del matrimonio en el Segundo Isa&#xED;as (Isa&#xED;as 40&#x2013;55) / Gerlinde Baumann. -- Circuncisi&#xF3;n de la prostituta: g&#xE9;nero, sexualidad y el llamado al arrepentimiento en Jerem&#xED;as 3:1&#x2013;4:4 / Mary E. Shields. -- Respuesta propia a &#x201C;Circuncisi&#xF3;n de la prostituta&#x201D; / Mary E. Shields. -- Exposiciones m&#xFA;ltiples: ret&#xF3;rica corporal y g&#xE9;nero en Ezequiel 16 / Mary E. Shields. -- Auto-respuesta a &#x201C;Exposiciones m&#xFA;ltiples&#x201D; / Mary E. Shields. -- Violencia y econom&#xED;a del deseo en Ezequiel 16:1&#x2013;45 / Erin Runions. -- Inversi&#xF3;n de g&#xE9;nero en Ezequiel 16 / S. Tamar Kamionkowski. -- Lectura de Zacar&#xED;as 5:5&#x2013;11: profec&#xED;a, g&#xE9;nero y percepci&#xF3;n / Ulrike Sals. --
Sobre decir &#x201C;no&#x201D; a un profeta / Julia M. O'Brien. -- En retrospectiva: auto-respuesta a &#x201C;Sobre decir &#x2018;no&#x2019; a un profeta&#x201D; / Julia M. O'Brien. -- N&#xED;nive, la ad&#xFA;ltera / Mayer I. Gruber. -- Daniel: &#xBF;qui&#xE9;n teme a la cr&#xED;tica feminista? &#xBF;qui&#xE9;n teme al humor b&#xED;blico? El caso del gobernante extranjero obtuso en la Biblia hebrea / Athalya Brenner. -- Respuesta propia a &#x201C;&#xBF;Qui&#xE9;n teme a la cr&#xED;tica feminista?&#x201D; / Athalya Brenner. -- Otra reina sabia (madre): &#xBF;la sabidur&#xED;a de las mujeres en Daniel 5:10&#x2013;12? / H.J.M. van Deventer. --
Daniel, Belsasar y Julia: el redescubrimiento y la reivindicaci&#xF3;n de la traducci&#xF3;n de Julia E. Smith (1792&#x2013;) / Emily Sampson. </subfield>
  </datafield>
  <datafield tag="563" ind1=" " ind2=" ">
    <subfield code="a">R&#xFA;stico</subfield>
  </datafield>
  <datafield tag="630" ind1="0" ind2="7">
    <subfield code="a">Biblia.</subfield>
    <subfield code="p">Profetas</subfield>
    <subfield code="x">Cr&#xED;tica, interpretaci&#xF3;n, etc.</subfield>
  </datafield>
  <datafield tag="630" ind1="0" ind2="7">
    <subfield code="a">Biblia.</subfield>
    <subfield code="p">Daniel</subfield>
    <subfield code="x">Cr&#xED;tica, interpretaci&#xF3;n, etc</subfield>
  </datafield>
  <datafield tag="650" ind1=" " ind2="7">
    <subfield code="a">Mujeres en la Biblia</subfield>
    <subfield code="9">327</subfield>
  </datafield>
  <datafield tag="653" ind1=" " ind2=" ">
    <subfield code="a">Feminismo -- Interpretaci&#xF3;n</subfield>
  </datafield>
  <datafield tag="700" ind1="1" ind2=" ">
    <subfield code="a">Brenner-Idan, Athalya.</subfield>
    <subfield code="e">editor</subfield>
  </datafield>
  <datafield tag="942" ind1=" " ind2=" ">
    <subfield code="c">BK</subfield>
  </datafield>
  <datafield tag="945" ind1=" " ind2=" ">
    <subfield code="a">JTF-925</subfield>
  </datafield>
  <datafield tag="952" ind1=" " ind2=" ">
    <subfield code="0">0</subfield>
    <subfield code="1">0</subfield>
    <subfield code="2">ddc</subfield>
    <subfield code="4">0</subfield>
    <subfield code="7">0</subfield>
    <subfield code="8">GEN</subfield>
    <subfield code="a">FUSBC</subfield>
    <subfield code="b">FUSBC</subfield>
    <subfield code="d">2023-03-02</subfield>
    <subfield code="l">0</subfield>
    <subfield code="o">G 224.06 P965p</subfield>
    <subfield code="p">24382</subfield>
    <subfield code="r">2023-03-02 00:00:00</subfield>
    <subfield code="t">Ej. 1</subfield>
    <subfield code="w">2023-03-02</subfield>
    <subfield code="y">BK</subfield>
    <subfield code="k">1</subfield>
  </datafield>
  <datafield tag="999" ind1=" " ind2=" ">
    <subfield code="c">68480</subfield>
    <subfield code="d">68480</subfield>
  </datafield>
</record>
